Comuni della Provincia di Grosseto - Statistics

Statistiche generali
  • Questo quiz è stato fatto 51 volte
  • Il punteggio medio è 12 su 28
Statistiche sulle risposte
Comune % Corretto
Grosseto
90%
Orbetello
84%
Follonica
77%
Castiglione della Pescaia
74%
Pitigliano
74%
Capalbio
58%
Monte Argentario
58%
Isola del Giglio
48%
Magliano in Toscana
48%
Massa Marittima
45%
Scansano
45%
Sorano
45%
Arcidosso
42%
Scarlino
42%
Gavorrano
39%
Castell'Azzara
35%
Civitella Paganico
32%
Castel del Piano
29%
Roccastrada
29%
Semproniano
29%
Roccalbegna
26%
Santa Fiora
26%
Seggiano
26%
Campagnatico
23%
Manciano
23%
Cinigiano
19%
Monterotondo Marittimo
19%
Montieri
19%
Nessun quiz corrispondente trovato
Distribuzione punteggi
Percentuale di utenti per punteggio
Percentile per numero di risposta
I tuoi punteggi nel tempo
Non hai fatto questo quiz